|
|
|
|
| LEADER |
01485nam a2200241 i 4500 |
| 001 |
10117767 |
| 003 |
upatras |
| 005 |
20240124103923.0 |
| 008 |
151005t2008 gr gre d |
| 020 |
|
|
|a 97896038277
|
| 040 |
|
|
|a GR-PaULI
|c GR-PaULI
|b gre
|e AACR2
|
| 082 |
0 |
4 |
|a 889.334
|2 23
|
| 100 |
1 |
|
|9 102325
|a Ευσταθιάδη, Μαρία,
|d 1949-
|e συγγραφέας.
|
| 245 |
1 |
3 |
|a Το κόκκινο ξενοδοχείο :
|b η αδύνατη αναπαράσταση /
|c Μαρία Ευσταθιάδη.
|
| 260 |
|
|
|a Αθήνα :
|b Κέρδος,
|c c2008.
|
| 300 |
|
|
|a 178 σ. ;
|c 21 εκ.
|
| 942 |
|
|
|2 ddc
|c BK
|
| 952 |
|
|
|0 0
|1 0
|2 ddc
|4 0
|6 889_334000000000000_ΕΥΣ
|7 0
|8 FIC
|9 184782
|a LISP
|b LISP
|c DON
|d 2016-04-24
|e ΒΑΛ
|i 127025
|l 0
|o 889.334 ΕΥΣ
|p 025000245644
|r 2016-04-24 00:00:00
|t 1
|w 2016-04-24
|y BK15
|
| 952 |
|
|
|0 0
|1 0
|2 ddc
|4 0
|6 889_334000000000000_ΕΥΣ
|7 0
|9 357901
|a LISP
|b LISP
|c DON
|d 2022-03-16
|e ΠΑΤ
|i 255932
|l 0
|o 889.334 ΕΥΣ
|p 025000290958
|r 2022-03-16 00:00:00
|t 2
|w 2022-03-16
|y BKN
|
| 952 |
|
|
|0 0
|1 0
|2 ddc
|4 0
|6 889_334000000000000_ΕΥΣ
|7 0
|9 364021
|a LISP
|b LISP
|c DON
|d 2022-09-09
|e ΠΑΤ
|i 148367
|l 0
|o 889.334 ΕΥΣ
|p 025000294929
|r 2022-09-09 00:00:00
|t 3
|w 2022-09-09
|y BKN
|
| 952 |
|
|
|0 0
|1 0
|2 ddc
|4 0
|6 889_334000000000000_ΕΥΣ
|7 0
|9 376894
|a LISP
|b LISP
|c BSC
|d 2024-01-24
|e ΚΟΤ
|i 263353
|l 0
|o 889.334 ΕΥΣ
|p 025000305461
|r 2024-01-24 00:00:00
|t 4
|w 2024-01-24
|y BK
|z Δωρεά Ελισάβετ και Παναγιώτη Κοτζιά
|
| 998 |
|
|
|c ΣΑΤΛΑΝΗΣ
|d 2024-01
|
| 999 |
|
|
|c 113866
|d 113866
|